Možnosti aplikácie modernej didaktickej techniky na pedagogických fakultách pri skvalitňovaní výchovno-vzdelávacej činnosti záverečná práca postgraduálneho štúdia

Saved in:
Bibliographic Details
Main Author: Janeková, Helena
Corporate Author: Vysoká škola ekonomická v Bratislave
Other Authors: Horčiak, Jozef
Format: Book
Language:Slovak
Published: Bratislava 1987
Tags: Add Tag
No Tags, Be the first to tag this record!

MARC

LEADER 00000nam a2200000 4500
001 c040226
005 20221219094756.8
041 0 |a slo 
044 |a SK 
245 1 0 |a Možnosti aplikácie modernej didaktickej techniky na pedagogických fakultách pri skvalitňovaní výchovno-vzdelávacej činnosti  |b záverečná práca postgraduálneho štúdia  |c Helena Janeková ; Ved. práce Jozef Horčiak 
264 1 |a Bratislava  |c 1987 
300 |a 47 s. 
100 1 |a Janeková, Helena 
700 1 |a Horčiak, Jozef 
710 2 |a Vysoká škola ekonomická v Bratislave